00448 2200181 4500001002100000008004100021035002000062245002800082100001500110260003700125300002000162020002200182084001400204082000800218650001000226990001500236990001500251INLIS000000000003188 ind  a0010-1225000009 aTentang KamucTere Liye aLiye, Tere aDepok :bPT Sabak Grip Nusantara a503c13,5x20 cm a978-623-95545-6-9 a813 LIY t a813 aFiksi a19608/B/26 a19609/B/26